Nuestras plantas uso de las plantas en el territorio colectivo de los ríos Raposo y Mayorquín (Registro nro. 6241)
[ vista simple ]
| 000 -CABECERA | |
|---|---|
| Campo de control | 00718nam a2200217 a 4500 |
| 005 - FECHA Y HORA DE LA ULTIMA TRANSACCION | |
| Campo de control | 20150718020003.0 |
| 008 - ELEMENTOS DE LONGITUD FIJA—INFORMACION GENERAL | |
| Campo de control | 140129b2007 ck ||||| |||| 00| 0 spa d |
| 020 ## - ISBN | |
| ISBN | 9789588151991 |
| 040 ## - FUENTE DE CATALOGACIÓN | |
| Agencia catalogadora original | CO-BoIAVH |
| Agencia transcriptora | CO-BoIAVH |
| 041 ## - IDIOMA | |
| Código de idioma para texto/pista de sonido o título separado | Español |
| 044 ## - PAÍS DE PUBLICACIÓN | |
| País de publicación | Colombia |
| 090 ## - CLASIFICACIÓN LOCAL | |
| Colección | IAVH |
| Consecutivo | 01081 |
| 110 2# - ASIENTO PRINCIPAL--NOMBRE CORPORATIVO | |
| Unidad subordinad | Instituto Alexander von Humboldt |
| 245 10 - MENCION DE TITULO | |
| Título | Nuestras plantas uso de las plantas en el territorio colectivo de los ríos Raposo y Mayorquín |
| 260 ## - PUBLICACION, DISTRIBUCION, ETC. (PIE DE IMPRENTA) | |
| Lugar de publicación, distribución, etc. | Bogotá: |
| Nombre del editor, distribuidor, etc. | Instituto Alexander von Humboldt. |
| -- | WWF Colombia. |
| -- | Fundación Ecotrópico Colombia; |
| Fecha de publicación, distribución, etc. | 2007. |
| 300 ## - DESCRIPCION FISICA | |
| Extensión | 84 p. |
| 710 ## - ASIENTO SECUNDARIO - NOMBRE CORPORATIVO | |
| Nombre corporativo o de jurisdicción como elemento de entrada | WWF Colombia |
| 710 ## - ASIENTO SECUNDARIO - NOMBRE CORPORATIVO | |
| Nombre corporativo o de jurisdicción como elemento de entrada | Fundación Ecotrópico Colombia |
| 942 ## - ELEMENTOS ADICIONALES (KOHA) | |
| Tipo de ítem | Libro |
| Sistema de clasificación | Local |
| Koha issues (borrowed), all copies | 2 |
| 945 ## - PROCESAMIENTO LOCAL | |
| AAAA-MM-DD - Fecha de ingreso o modificacion | 2008-04-04 |
| Withdrawn status | Lost status | Sistema de Clasificación | Damaged status | No para préstamo | Colección | Ubicación Permanente | Ubicación actual | Fecha de adquisición | Total Checkouts | Número topográfico | Inventario / Código de Barras | Date last seen | Ejemplar | Price effective from | Forma de adquisición | Tipo de material | Inventariado | Fuente de Valor | Valor | Date checked out |
|---|---|---|---|---|---|---|---|---|---|---|---|---|---|---|---|---|---|---|---|---|
| Dewey Decimal Classification | Humboldt | Bogotá | Bogotá | 04/04/2008 | 2 | IAVH-581.63 S66n | 025781 | 17/07/2015 | Ej. 1 | 04/12/2012 | Institucional | Libro | Inventariado 2017 | Instituto | 39000.00 | 17/07/2015 | ||||
| Dewey Decimal Classification | Humboldt | Bogotá | Bogotá | 04/04/2008 | 1 | IAVH-581.63 S66n | 025782 | 25/02/2019 | Ej. 2 | 04/12/2012 | Institucional | Libro | Inventariado 2017 | Instituto | 39000.00 | 25/02/2019 | ||||
| Dewey Decimal Classification | Humboldt | Sala Fabio Quevedo | Sala Fabio Quevedo | 18/07/2014 | IAVH-581.63 S66n | 025780 | 04/12/2012 | Ej. 3 | 04/12/2012 | Libro | Inventariado 2017 | Instituto | 39000.00 | |||||||
| Local | Referencia | Villa de Leyva | Villa de Leyva | 04/04/2008 | IAVH-01081 | 025779 | 04/12/2012 | Ej. 1 | 04/12/2012 | Libro |